[Event "Dubai op 11th"]
[Site "Dubai"]
[Date "2009.04.28"]
[Round "3"]
[White "Johny, PI."]
[Black "Nasri, Amin"]
[Result "1/2-1/2"]
[WhiteElo "2079"]
[BlackElo "2336"]
[PlyCount "85"]
[EventDate "2009.04.26"]
[EventType "swiss"]
[EventRounds "9"]
[EventCountry "UAE"]
[SourceTitle "CBM 130 Extra"]
[Source "ChessBase"]
[SourceDate "2009.07.02"]
[SourceVersion "2"]
[SourceVersionDate "2009.07.15"]
[SourceQuality "1"]

1. e4 e5 2. Nf3 Nf6 3. d4 Nxe4 4. Bd3 d5 5. Nxe5 Nd7 6. 0-0 Nxe5 7. dxe5 Nc5 8. Be2 Be7 9. Be3 c6 10. c4 dxc4 11. Qxd8+ Kxd8 12. Bxc4 Be6 13. Nd2 Kc7 14. Bxc5 Bxc5 15. Rfd1 Rad8 16. Bxe6 fxe6 17. Nf3 h6 18. Kf1 g5 19. h3 Rhf8 20. Rxd8 Kxd8 21. Rc1 Bb6 22. Rc4 Ke8 23. h4 Bd8 24. hxg5 hxg5 25. Ke2 Be7 26. Rg4 Rf5 27. Re4 c5 28. Nh2 Kd7 29. f3 Kc6 30. Ng4 b5 31. b3 Rf8 32. Kd3 Rh8 33. Re1 a6 34. Ne3 Rh2 35. Ke4 Rh8 36. Rd1 Rh2 37. Rd2 Rh1 38. Rd1 Rh2 39. a4 Rh8 40. axb5+ axb5 41. Ra1 Kb7 42. Rd1 Kc7 43. Ra1 1/2-1/2